Dvojí život /
Uloženo v:
| Hlavní autor: | |
|---|---|
| Další autoři: | , |
| Médium: | E-audiokniha |
| Jazyk: | Czech |
| Vydáno: |
Praha :
Voxi,
2025
|
| Vydání: | 1. vydání |
| Témata: | |
| Tagy: |
Žádné tagy |
| LEADER | 03694nim a2201033 i 4500 | ||
|---|---|---|---|
| 001 | 313383 | ||
| 003 | CZ PrSKC | ||
| 005 | 20260601215741.0 | ||
| 007 | sd fungnnmmned | ||
| 008 | 250211s2025 xr nnnng f n cze | ||
| 015 | |a cnb003672278 | ||
| 020 | |a 9788074482939 : |c Kč 399,00 | ||
| 040 | |a ABA001 |b cze |e rda | ||
| 072 | 7 | |a 821.162.3-3 |x Česká próza |2 Konspekt | |
| 080 | |a 821.162.3-31 |2 MRF | ||
| 080 | |a (0:82-31) |2 MRF | ||
| 080 | |a (086.7)08 |2 MRF | ||
| 080 | |a (086.76) |2 MRF | ||
| 100 | 1 | |a Poncarová, Jana, |d 1983- |7 xx0228679 |4 aut | |
| 245 | 1 | 0 | |a Dvojí život / |c Jana Poncarová |
| 250 | |a 1. vydání | ||
| 264 | 1 | |a Praha : |b Voxi, |c 2025 | |
| 300 | |a 1 audiodisk (7 hod., 45 min.) ; |c 12 cm | ||
| 306 | |a 074500 | ||
| 336 | |a mluvené slovo |b spw |2 rdacontent | ||
| 337 | |a audio |b s |2 rdamedia | ||
| 338 | |a audiodisk |b sd |2 rdacarrier | ||
| 344 | |a digital |b optical |2 rda | ||
| 347 | |a audio soubor |b MP3 |2 rda | ||
| 500 | |a Název z disku | ||
| 500 | |a Vydalo nakladatelství Voxi ve společnosti Albatros Media a.s. | ||
| 500 | |a Podle stejnojmenné knihy vydané nakladatelstvím Motto v roce 2024 | ||
| 500 | |a Nezkrácená audiokniha ve formátu MP3 | ||
| 508 | |a Režie, Vanda Hauserová | ||
| 511 | 0 | |a Čte Zuzana Ščerbová | |
| 655 | 7 | |a české romány |7 fd133974 |2 czenas | |
| 655 | 7 | |a audioknihy |7 fd119452 |2 czenas | |
| 655 | 7 | |a kompaktní disky |7 fd201991 |2 czenas | |
| 655 | 9 | |a Czech fiction |2 eczenas | |
| 655 | 9 | |a audiobooks |2 eczenas | |
| 655 | 9 | |a compact discs |2 eczenas | |
| 700 | 1 | |a Ščerbová, Zuzana |7 xx0242321 |4 nrt | |
| 700 | 1 | |a Hauserová, Vanda, |d 1978- |7 xx0105247 |4 drt | |
| 900 | |a ABA001 |b 19 | ||
| 928 | 9 | |a Albatros Media | |
| 044 | |a xr | ||
| 505 | 0 | 0 | |t Uvod (0 min., 53 sek.) |
| 505 | 0 | 0 | |t 1990 (3 min., 33 sek.) |
| 505 | 0 | 0 | |t 1975 (22 min., 41 sek.) |
| 505 | 0 | 0 | |t 1990 (3 min., 21 sek.) |
| 505 | 0 | 0 | |t 1975 (13 min., 59 sek.) |
| 505 | 0 | 0 | |t 1975 (18 min., 2 sek.) |
| 505 | 0 | 0 | |t 1975 (16 min., 5 sek.) |
| 505 | 0 | 0 | |t 1975 (18 min., 13 sek.) |
| 505 | 0 | 0 | |t 1975 (11 min., 27 sek.) |
| 505 | 0 | 0 | |t 1990 (5 min., 48 sek.) |
| 505 | 0 | 0 | |t Co uz jsem ze 75 skoro zapomela (4 min., 40 sek.) |
| 505 | 0 | 0 | |t 1976 (13 min., 7 sek.) |
| 505 | 0 | 0 | |t 1976 (11 min., 59 sek.) |
| 505 | 0 | 0 | |t 1976 (16 min., 8 sek.) |
| 505 | 0 | 0 | |t 1990 (7 min., 33 sek.) |
| 505 | 0 | 0 | |t 1976 (11 min., 3 sek.) |
| 505 | 0 | 0 | |t 1976 (11 min., 48 sek.) |
| 505 | 0 | 0 | |t 1976 (15 min., 1 sek.) |
| 505 | 0 | 0 | |t 1976 (15 min., 37 sek.) |
| 505 | 0 | 0 | |t 1990 (5 min., 2 sek.) |
| 505 | 0 | 0 | |t Co uz jsem ze 76 skoro zapomela (3 min., 58 sek.) |
| 505 | 0 | 0 | |t 1977 (16 min., 15 sek.) |
| 505 | 0 | 0 | |t 1977 (41 min., 14 sek.) |
| 505 | 0 | 0 | |t 1990 (6 min., 56 sek.) |
| 505 | 0 | 0 | |t 1977 (11 min., 26 sek.) |
| 505 | 0 | 0 | |t 1977 (11 min., 21 sek.) |
| 505 | 0 | 0 | |t 1977 (23 min., 13 sek.) |
| 505 | 0 | 0 | |t 1990 (8 min., 29 sek.) |
| 505 | 0 | 0 | |t 1977 (20 min., 1 sek.) |
| 505 | 0 | 0 | |t 1977 (16 min., 27 sek.) |
| 505 | 0 | 0 | |t 1990 (5 min., 21 sek.) |
| 505 | 0 | 0 | |t Co uz jsem ze 77 skoro zapomela (3 min., 18 sek.) |
| 505 | 0 | 0 | |t 1978 (9 min., 3 sek.) |
| 505 | 0 | 0 | |t 1978 (10 min., 40 sek.) |
| 505 | 0 | 0 | |t 1990 (5 min., 42 sek.) |
| 505 | 0 | 0 | |t 1978 (9 min., 59 sek.) |
| 505 | 0 | 0 | |t 1990 (5 min., 18 sek.) |
| 505 | 0 | 0 | |t 1978 (7 min., 32 sek.) |
| 505 | 0 | 0 | |t 1990 (18 min., 11 sek.) |
| 505 | 0 | 0 | |t 2010 (4 min., 30 sek.) |
| 910 | |a RBIT002 | ||
| 998 | |d 416421 |a https://core.palmknihy.cz/api/books/416421/cover?so013u |b https://core.palmknihy.cz/api/books/416421/cover/400?so013u |c https://core.palmknihy.cz/api/books/416421/cover/50?so013u |e 2034-12-31 |i 9788074482939 |l 27900 |q 49 |r 1 |s https://www.palmknihy.cz/kniha/416421 |t audiobook |y 2024 |z 0 | ||
| 999 | |d 313381 | ||